000 01602nam a2200325 a 4500
001 000021093
003 DO-SdBNP
005 20251120073732.0
008 100831s2006 dr bc 000 0 spa d
040 _aDO-SdBNP
_bspa
_cBNPHU
082 4 _a307.14
_bC810l
_222
100 1 _aCorral, Julio C.
_944072
245 1 0 _aLineamientos de políticas de desarrollo urbano para la ciudad de Hato Mayor del Rey /
_cJulio C. Coral, Daritza Nicodemo ; prólogo Joaquín Gerónimo.
260 _aSantiago de los Caballeros, República Dominicana :
_bCONAU;
_bPUCMM;
_bCEUR,
_c2006.
300 _a247 p. :
_bmaps., retrs. ;
_c28 cm.
504 _aIn luye referencias bibliográficas y notas al pie de las páginas
504 _aIncluye bibliografías (p. 238-243)
505 2 _aLa ciudad de Hato Mayor del Rey en el contexto subregional 20 Caracterización de la ciudad de Hato Mayor del Rey -- Perfil, escenarios, propuestas y lineamientos de políticas -- Bibliografía -- Anexos.
650 4 _aDesarrollo urbano
_zRepública Dominicana
_92417
650 4 _aCiudades y pueblos
_zRepública Dominicana
_9784
650 4 _aMejoramiento urbano
_944107
650 4 _aUrbanismo
_zHato Mayor Del Rey (República Dominicana)
_944108
651 4 _aHato Mayor del Rey (República Dominicana)
_xHistoria local
_944106
700 1 _aNicodemo, Daritza
_944109
700 1 _aGerónimo, Joaquín,
_epról.
_9676
710 2 _aConsejo Nacional de Asuntos Urbanos
_944110
710 2 _aCentro de Estudios Urbanos y Regionales
_914521
710 2 _aPontificia Universidad Católica Madre y Maestra
_9843
942 _2ddc
_cLBS1
999 _c20595
_d20595